[Event "Titled Tuesday intern op 16th Apr Late"]
[Site "Chess.com INT"]
[Date "2024.04.16"]
[Round "5"]
[White "Marchesich, Giovanni"]
[Black "Nigalidze, Gaioz"]
[Result "1-0"]
[WhiteElo "2226"]
[BlackElo "2373"]
[PlyCount "79"]
[EventDate "2024.04.16"]
[EventType "swiss (blitz)"]
[EventRounds "11"]
[EventCountry "USA"]
[SourceTitle "CB17_2024"]
[SourceDate "2024.04.24"]
[SourceVersion "1"]
[SourceVersionDate "2024.04.24"]
[SourceQuality "1"]

1. d4 Nf6 2. Nc3 e6 3. Bf4 d5 4. e3 c5 5. g4 Qb6 6. g5 Ne4 7. Nxe4 dxe4 8. Rb1 Nc6 9. c3 e5 10. dxe5 Be6 11. Qa4 0-0-0 12. Bc4 Be7 13. Bxe6+ fxe6 14. Qxe4 Qa6 15. Nf3 Qxa2 16. 0-0 Qd5 17. Qxd5 Rxd5 18. Rbd1 Rxd1 19. Rxd1 b5 20. Nd2 Rd8 21. Kf1 a5 22. Ke2 a4 23. Ne4 Rxd1 24. Kxd1 Kc7 25. Kc2 Na5 26. h4 b4 27. cxb4 cxb4 28. h5 b3+ 29. Kb1 Nc4 30. h6 gxh6 31. gxh6 Kd7 32. Nc3 a3 33. bxa3 Bxa3 34. Ne4 Kc6 35. Bg3 Kd5 36. Nc3+ Kc5 37. Ne4+ Kb4 38. f3 Kb5 39. Be1 Nxe5 40. Ng5 1-0

[Event "Titled Tuesday intern op 02nd Apr Late"]
[Site "Chess.com INT"]
[Date "2024.04.02"]
[Round "5"]
[White "Janaszak, Dawid"]
[Black "Marchesich, Giovanni"]
[Result "0-1"]
[WhiteElo "2308"]
[BlackElo "2226"]
[PlyCount "56"]
[EventDate "2024.04.02"]
[EventType "swiss (blitz)"]
[EventRounds "11"]
[EventCountry "USA"]
[SourceTitle "CB15_2024"]
[SourceDate "2024.04.10"]
[SourceVersion "1"]
[SourceVersionDate "2024.04.10"]
[SourceQuality "1"]

1. e4 e5 2. d4 Nc6 3. Nf3 exd4 4. Bc4 Nf6 5. Ng5 d5 6. exd5 Qe7+ 7. Kf1 Ne5 8. Qxd4 Nxc4 9. Qxc4 Qc5 10. Qe2+ Be7 11. b3 b5 12. c4 0-0 13. Be3 Qd6 14. Nc3 bxc4 15. bxc4 c6 16. Rd1 cxd5 17. Nxd5 Nxd5 18. Rxd5 Qc6 19. Bd4 Ba6 20. Kg1 Bxc4 21. Qc2 g6 22. Ra5 Rad8 23. Nf3 Bb4 24. Rxa7 Rfe8 25. h4 Qd5 26. Be3 Rc8 27. Qa4 Bd6 28. Qd7 Qd1+ 0-1

[Event "Titled Tuesday intern op 27th Feb Late"]
[Site "Chess.com INT"]
[Date "2024.02.27"]
[Round "6"]
[White "Marchesich, Giovanni"]
[Black "Mena, Martin"]
[Result "1-0"]
[WhiteElo "2210"]
[BlackElo "2032"]
[PlyCount "115"]
[EventDate "2024.02.27"]
[EventType "swiss (blitz)"]
[EventRounds "11"]
[EventCountry "USA"]
[SourceTitle "CB10_2024"]
[SourceDate "2024.03.06"]
[SourceVersion "1"]
[SourceVersionDate "2024.03.06"]
[SourceQuality "1"]

1. e4 c6 2. Nc3 d5 3. Nf3 Bg4 4. h3 Bxf3 5. Qxf3 e6 6. Be2 Nf6 7. 0-0 dxe4 8. Nxe4 Nxe4 9. Qxe4 Be7 10. d4 0-0 11. Bf4 Nd7 12. Rad1 Nf6 13. Qf3 Qd5 14. c4 Qxf3 15. Bxf3 Rfd8 16. Rfe1 Bb4 17. Re2 Rac8 18. a3 Ba5 19. b4 Bc7 20. Bg5 Rd7 21. Red2 Rcd8 22. Kf1 h6 23. Bxf6 gxf6 24. Ke2 Bb6 25. c5 Bc7 26. b5 cxb5 27. Bxb7 Ba5 28. Bc6 Rc7 29. Bxb5 Bxd2 30. Rxd2 e5 31. Ke3 Rd5 32. Bc4 exd4+ 33. Rxd4 Rdxc5 34. Kd3 Ra5 35. a4 Kf8 36. Bb5 a6 37. Rd8+ Kg7 38. Ra8 Rxb5 39. axb5 axb5 40. Rb8 Rc5 41. Kd4 Rg5 42. g4 f5 43. f4 Rg6 44. gxf5 Rg3 45. Ke4 Rb3 46. Rb6 Rb4+ 47. Ke5 f6+ 48. Ke6 Re4+ 49. Kd5 Rxf4 50. Rb7+ Kg8 51. Ke6 b4 52. Kxf6 Rf3 53. h4 b3 54. Kg6 Rg3+ 55. Kxh6 Kf8 56. h5 Kg8 57. f6 Kf8 58. Rg7 1-0

[Event "Titled Tuesday intern op 13th Feb Early"]
[Site "Chess.com INT"]
[Date "2024.02.13"]
[Round "2"]
[White "Marchesich, Giovanni"]
[Black "Mena, Martin"]
[Result "1-0"]
[WhiteElo "2210"]
[BlackElo "2032"]
[PlyCount "57"]
[EventDate "2024.02.13"]
[EventType "swiss (blitz)"]
[EventRounds "11"]
[EventCountry "USA"]
[SourceTitle "CB08_2024"]
[SourceDate "2024.02.21"]
[SourceVersion "1"]
[SourceVersionDate "2024.02.21"]
[SourceQuality "1"]

1. Nc3 d5 2. d4 Nf6 3. Bf4 c6 4. f3 e6 5. e4 Bb4 6. Qd3 dxe4 7. fxe4 0-0 8. Nf3 c5 9. a3 cxd4 10. axb4 dxc3 11. bxc3 Nc6 12. Bd6 Re8 13. b5 Ne7 14. e5 Nfd5 15. c4 Nf4 16. Qe4 Nfg6 17. Bd3 Nf5 18. Bb4 a5 19. Bd2 Qb6 20. g4 Nfe7 21. Be3 Qc7 22. h4 Rb8 23. h5 Nf8 24. 0-0 b6 25. Ng5 Bb7 26. Qf4 f6 27. exf6 e5 28. f7+ Kh8 29. fxe8Q 1-0

[Event "Titled Tuesday intern op 13th Feb Early"]
[Site "Chess.com INT"]
[Date "2024.02.13"]
[Round "5"]
[White "Marchesich, Giovanni"]
[Black "Shapiro, Viktor"]
[Result "1-0"]
[WhiteElo "2210"]
[BlackElo "2113"]
[PlyCount "113"]
[EventDate "2024.02.13"]
[EventType "swiss (blitz)"]
[EventRounds "11"]
[EventCountry "USA"]
[SourceTitle "CB08_2024"]
[SourceDate "2024.02.21"]
[SourceVersion "1"]
[SourceVersionDate "2024.02.21"]
[SourceQuality "1"]

1. d4 Nf6 2. Nc3 d5 3. Bf4 c6 4. f3 h5 5. e4 dxe4 6. fxe4 Bg4 7. Nf3 Qa5 8. Bd3 Nbd7 9. e5 Nd5 10. Bd2 Qb6 11. Nxd5 cxd5 12. c3 e6 13. h3 Bf5 14. Bxf5 exf5 15. Qc2 g6 16. 0-0 Be7 17. Rae1 Nf8 18. Bg5 Ne6 19. Bxe7 Kxe7 20. Nh4 Rac8 21. Qf2 f4 22. g3 g5 23. Nf5+ Kd7 24. Nd6 Rcf8 25. Qf3 Qc6 26. Kh2 g4 27. Qd3 f3 28. h4 Kc7 29. b4 Kb8 30. b5 Qc7 31. Rc1 f6 32. c4 fxe5 33. dxe5 d4 34. c5 Nxc5 35. Qxd4 b6 36. Qd5 Rd8 37. Rf2 Rh7 38. Rd1 Rhd7 39. Rfd2 Nb7 40. Qc6 Qxc6 41. bxc6 Rxd6 42. exd6 Rxd6 43. Rxd6 Nxd6 44. Rxd6 Kc7 45. Rf6 a5 46. Kg1 b5 47. Kf2 b4 48. Ke3 a4 49. Kd3 b3 50. axb3 a3 51. Kc2 Kb6 52. Kb1 f2 53. Rxf2 Kxc6 54. Ka2 Kd5 55. Kxa3 Ke4 56. Rf8 Ke3 57. b4 1-0

[Event "Titled Tuesday intern op 13th Feb Early"]
[Site "Chess.com INT"]
[Date "2024.02.13"]
[Round "11"]
[White "Urazayev, Arystanbek"]
[Black "Marchesich, Giovanni"]
[Result "1-0"]
[WhiteElo "2476"]
[BlackElo "2210"]
[PlyCount "67"]
[EventDate "2024.02.13"]
[EventType "swiss (blitz)"]
[EventRounds "11"]
[EventCountry "USA"]
[SourceTitle "CB08_2024"]
[SourceDate "2024.02.21"]
[SourceVersion "1"]
[SourceVersionDate "2024.02.21"]
[SourceQuality "1"]

1. e4 g6 2. h4 h6 3. d4 a6 4. Nc3 d6 5. Be3 b5 6. Qd2 Nd7 7. f3 Bg7 8. Nh3 e6 9. 0-0-0 Ne7 10. Kb1 Bb7 11. g4 Nb6 12. Bd3 Qd7 13. h5 g5 14. Ne2 0-0-0 15. f4 gxf4 16. Bxf4 Nc4 17. Bxc4 bxc4 18. Nf2 Kb8 19. g5 hxg5 20. Bxg5 f6 21. Be3 Rhg8 22. h6 Bh8 23. Rdg1 f5 24. h7 Rxg1+ 25. Rxg1 fxe4 26. Bg5 Re8 27. Bxe7 Qxe7 28. Rg8 Rc8 29. Qh6 Qf7 30. Rxc8+ Bxc8 31. Nxe4 Qf1+ 32. Nc1 Qd1 33. c3 Qd3+ 34. Nxd3 1-0

[Event "Titled Tuesday intern op 06th Feb Late"]
[Site "Chess.com INT"]
[Date "2024.02.06"]
[Round "9"]
[White "Marchesich, Giovanni"]
[Black "Skotheim, Andreas"]
[Result "0-1"]
[WhiteElo "2210"]
[BlackElo "2209"]
[PlyCount "90"]
[EventDate "2024.02.06"]
[EventType "swiss (blitz)"]
[EventRounds "11"]
[EventCountry "USA"]
[SourceTitle "CB07_2024"]
[SourceDate "2024.02.14"]
[SourceVersion "1"]
[SourceVersionDate "2024.02.14"]
[SourceQuality "1"]

1. Nc3 e5 2. Nf3 Nc6 3. d4 exd4 4. Nxd4 Bc5 5. Be3 Bxd4 6. Bxd4 Nxd4 7. Qxd4 Nf6 8. e4 d6 9. 0-0-0 Be6 10. f4 Qe7 11. e5 dxe5 12. fxe5 Nd7 13. Bd3 Qg5+ 14. Kb1 Qxe5 15. Qa4 0-0 16. Rhe1 Qf6 17. Ne4 Qh6 18. h4 Nb6 19. Qa5 Bg4 20. Rc1 Qh5 21. Ng5 h6 22. Bh7+ Kh8 23. Rh1 f6 24. Qc3 fxg5 25. hxg5 Qxg5 26. Bd3 Nd5 27. Qd4 Nf4 28. Bc4 Rad8 29. Qc3 Qf6 30. Qg3 Be2 31. Bb3 c5 32. Ba4 b5 33. Bb3 c4 34. Rh4 Nh5 35. Qh2 cxb3 36. cxb3 Bd3+ 37. Ka1 Nf4 38. Rh1 Kg8 39. Qg3 Ng6 40. Rg4 Bf5 41. Rb4 Rd3 42. Qc7 Qd6 43. Qc1 Rc8 44. Qf1 Qxb4 45. Qf4 Qxf4 0-1

[Event "Titled Tuesday intern op 06th Feb Late"]
[Site "Chess.com INT"]
[Date "2024.02.06"]
[Round "11"]
[White "Marchesich, Giovanni"]
[Black "Wu, Derek"]
[Result "0-1"]
[WhiteElo "2210"]
[BlackElo "2295"]
[PlyCount "52"]
[EventDate "2024.02.06"]
[EventType "swiss (blitz)"]
[EventRounds "11"]
[EventCountry "USA"]
[SourceTitle "CB07_2024"]
[SourceDate "2024.02.14"]
[SourceVersion "1"]
[SourceVersionDate "2024.02.14"]
[SourceQuality "1"]

1. d4 Nf6 2. Nc3 d5 3. Bf4 c5 4. e4 cxd4 5. Qxd4 Nc6 6. Bb5 Bd7 7. Bxc6 Bxc6 8. e5 Nd7 9. Nf3 e6 10. 0-0 Be7 11. a4 0-0 12. b4 b6 13. a5 Rc8 14. Rab1 bxa5 15. b5 Bc5 16. Qd2 Bb7 17. Nd4 Bb4 18. Nde2 Qc7 19. Rb3 Nc5 20. Rxb4 axb4 21. Nb1 Ne4 22. Qe3 Qc5 23. Nd4 Nc3 24. Nd2 Qxd4 25. Qxd4 Ne2+ 26. Kh1 Nxd4 0-1

[Event "Nova Gorica op 28th"]
[Site "Nova Gorica"]
[Date "2024.02.02"]
[Round "9"]
[White "Marchesich, Giovanni"]
[Black "Doric, Darko"]
[Result "1/2-1/2"]
[WhiteElo "2210"]
[BlackElo "2456"]
[PlyCount "82"]
[EventDate "2024.01.26"]
[EventType "swiss"]
[EventRounds "9"]
[EventCountry "SLO"]
[SourceTitle "CB06_2024"]
[SourceDate "2024.02.07"]
[SourceVersion "1"]
[SourceVersionDate "2024.02.07"]
[SourceQuality "1"]

1. e4 d6 2. d4 Nf6 3. Nc3 e5 4. dxe5 dxe5 5. Qxd8+ Kxd8 6. Bc4 Ke8 7. f4 Bb4 8. Bd3 exf4 9. Bxf4 c6 10. Nf3 Be6 11. h3 Nbd7 12. 0-0 h6 13. Bd2 Bd6 14. Ne2 Ne5 15. Bc3 Nfd7 16. Ned4 Rd8 17. Kh1 Rg8 18. Be2 a6 19. Nf5 Bc7 20. N3d4 Nc5 21. Rae1 Rd7 22. Nf3 f6 23. Bb4 Nxf3 24. Bxf3 Na4 25. b3 a5 26. Ba3 Nc3 27. Bb2 Be5 28. Bg4 Rd2 29. Bxc3 Bxc3 30. Re2 Rxe2 31. Bxe2 Bxf5 32. exf5 Ke7 33. Rd1 b5 34. Bf3 Rc8 35. a4 Rc7 36. Rd3 Be5 37. g4 b4 38. Kg2 c5 39. Bd5 Bd4 40. Rd2 Kd6 41. Bc4 Re7 1/2-1/2

[Event "Titled Tuesday intern op 16th Jan Late"]
[Site "Chess.com INT"]
[Date "2024.01.16"]
[Round "9"]
[White "Ferriz Barrios, Andres"]
[Black "Marchesich, Giovanni"]
[Result "1-0"]
[WhiteElo "2102"]
[BlackElo "2210"]
[PlyCount "30"]
[EventDate "2024.01.16"]
[EventType "swiss (blitz)"]
[EventRounds "11"]
[EventCountry "USA"]
[SourceTitle "CB04_2024"]
[SourceDate "2023.10.16"]
[SourceVersion "1"]
[SourceVersionDate "2023.10.16"]
[SourceQuality "1"]

1. d4 g6 2. Nf3 Bg7 3. Nc3 d6 4. Bf4 a6 5. Qd2 b5 6. e4 Nd7 7. 0-0-0 Bb7 8. e5 Bxf3 9. gxf3 dxe5 10. dxe5 Nxe5 11. Qe3 Nd7 12. Nxb5 axb5 13. Bxb5 Rxa2 14. Rxd7 Ra1+ 15. Kd2 Rxh1 1-0

[Event "Titled Tuesday intern op 16th Jan Late"]
[Site "Chess.com INT"]
[Date "2024.01.16"]
[Round "4"]
[White "Michalski, Olaf"]
[Black "Marchesich, Giovanni"]
[Result "0-1"]
[WhiteElo "2251"]
[BlackElo "2210"]
[PlyCount "80"]
[EventDate "2024.01.16"]
[EventType "swiss (blitz)"]
[EventRounds "11"]
[EventCountry "USA"]
[SourceTitle "CB04_2024"]
[SourceDate "2023.10.16"]
[SourceVersion "1"]
[SourceVersionDate "2023.10.16"]
[SourceQuality "1"]

1. d4 g6 2. c4 Bg7 3. Nc3 d6 4. e4 f6 5. f4 Nh6 6. Nf3 Nf7 7. Be2 0-0 8. 0-0 e5 9. fxe5 fxe5 10. d5 a5 11. Be3 Na6 12. a3 Bd7 13. b4 axb4 14. axb4 Nxb4 15. Qb3 c5 16. dxc6 Nxc6 17. Qxb7 Rb8 18. Qa6 Ne7 19. Nb5 Qc8 20. Nxd6 Nxd6 21. Qxd6 Nc6 22. Ng5 Nd4 23. Qd5+ Be6 24. Nxe6 Qxe6 25. Bg4 Qxd5 26. cxd5 Rfd8 27. Ra7 h5 28. Bxd4 hxg4 29. Bc5 Rbc8 30. Be7 Re8 31. d6 Bh6 32. d7 Be3+ 33. Kh1 Bxa7 34. dxc8Q Rxc8 35. Bd6 Bd4 36. h3 g3 37. Rb1 Rc6 38. Be7 Kf7 39. Bh4 Bf2 40. Rb7+ Ke6 0-1

[Event "Titled Tuesday intern op 09th Jan Early"]
[Site "Chess.com INT"]
[Date "2024.01.09"]
[Round "9"]
[White "Marchesich, Giovanni"]
[Black "Ronka, Erik"]
[Result "0-1"]
[WhiteElo "2210"]
[BlackElo "2291"]
[PlyCount "104"]
[EventDate "2024.01.09"]
[EventType "swiss (blitz)"]
[EventRounds "11"]
[EventCountry "USA"]
[SourceTitle "CB03_2024"]
[SourceDate "2024.01.17"]
[SourceVersion "1"]
[SourceVersionDate "2024.01.17"]
[SourceQuality "1"]

1. d4 Nf6 2. Nc3 d5 3. Bf4 c5 4. e4 Nxe4 5. Nxe4 dxe4 6. d5 a6 7. f3 e6 8. d6 Nc6 9. fxe4 e5 10. Bg3 Qxd6 11. Qh5 Qg6 12. Qxg6 hxg6 13. Nf3 f6 14. 0-0-0 Ke7 15. Nh4 Rh6 16. Be2 Be6 17. h3 Nd4 18. Bf3 g5 19. Nf5+ Bxf5 20. exf5 Nxf3 21. gxf3 Rd8 22. Bf2 b6 23. b4 cxb4 24. Bxb6 Rxd1+ 25. Rxd1 Rxh3 26. Ba5 Ke8 27. Rd8+ Kf7 28. Rd7+ Ke8 29. Rd8+ Ke7 30. Rb8 Kf7 31. Rb7+ Kg8 32. Rb8 g6 33. Bxb4 gxf5 34. Bxf8 Rxf3 35. Kb2 g4 36. c4 g3 37. Bc5+ Kf7 38. Bb6 e4 39. Rb7+ Ke6 40. Rh7 e3 41. Kc3 g2 42. Rg7 e2+ 43. Kd2 Rf4 44. Kxe2 Rxc4 45. Be3 Rc2+ 46. Bd2 Rxa2 47. Rxg2 f4 48. Rg8 Kf5 49. Rc8 Ra4 50. Kf3 Ra3+ 51. Kf2 Ra2 52. Ke2 a5 0-1